Vista normal
Vista MARC
Entrada Personal Name
Número de registros utilizados en: 1
001 - CONTROL NUMBER
- control field: 17422
003 - CONTROL NUMBER IDENTIFIER
- control field: DLC
005 - DATE AND TIME OF LATEST TRANSACTION
- control field: 20250902141237.0
008 - FIXED-LENGTH DATA ELEMENTS
- fixed length control field: 250723n| azannaabn |a aaa c
010 ## - LIBRARY OF CONGRESS CONTROL NUMBER
- LC control number: no2025085410
035 ## - SYSTEM CONTROL NUMBER
- System control number: (OCoLC)oca16881275
040 ## - CATALOGING SOURCE
- Original cataloging agency: PU
- Language of cataloging: spa
- Description conventions: rda
- Transcribing agency: Mx-PuUPA
- Modifying agency: Mx-PuUPA
100 1# - HEADING--PERSONAL NAME
- Personal name: Gómez Marín, Javier,
373 ## - ASSOCIATED GROUP
- Associated group: Universidad de Murcia
- Source of term: naf
374 ## - OCCUPATION
- Occupation: Director de Acervo Cultural
375 ## - GENDER
- Gender: spa
400 1# - SEE FROM TRACING--PERSONAL NAME
- Personal name: Marín, Javier Gómez
670 ## - SOURCE DATA FOUND
- Source citation: Magia y brujería en el mundo antiguo, 2024:
- Information found: title page (Javier Gómez Marín)
670 ## - SOURCE DATA FOUND
- Source citation: ORCID, July 23, 2025
- Information found: (Javier Gómez Marín; postdoctoral researcher at University of Murcia since September 2021)